| 000 | 00514cam4a220019300 4500 | ||
|---|---|---|---|
| 001 | tmp15522857 | ||
| 003 | UPRA | ||
| 005 | 20190816084554.0 | ||
| 008 | 950905s1921 fr fre u | ||
| 035 | _a(Sirsi) r124052 | ||
| 035 | _a(UPRA)tmp15522857 | ||
| 040 | _cUPRA | ||
| 100 | 1 |
_aGide, Andre, 1869-1951. _dGide, Andre, 1869-1951. _6A36773.1 |
|
| 245 | 1 | 0 | _aIsabelle. |
| 250 | _a78e ed. | ||
| 260 |
_aParis : _bGallimard, _c1921. |
||
| 949 |
_aPQ2613.I2 _wlcc _i-178265 _mMAIN _tBOOK _lON-SHELF |
||
| 004 | 124052 | ||
| 999 |
_c79541 _d79541 |
||